| 000 | 00508nam a2200181Ia 4500 | ||
|---|---|---|---|
| 008 | 230711s9999||||xx |||||||||||||| ||und|| | ||
| 020 | _a978-81-265-3169-1 | ||
| 041 | _aENG | ||
| 082 |
_a621.815 _bCO-M |
||
| 100 | _aCollins,Jack A | ||
| 245 | 0 | _aMechanical Design of Machine Elements and Machines : A Failure Prevention Perspective | |
| 250 | _a2nd Ed. | ||
| 260 |
_c2010 _aNew Delhi _bWiley India Pvt.Ltd |
||
| 300 | _a890p. | ||
| 650 | _aMechanical Engineering | ||
| 700 | _aBusby,Henry | ||
| 942 | _cBK | ||
| 999 |
_c6636 _d6636 |
||